Guiding councils on assessing affordable housing need (Record no. 64532)

MARC details
000 -LEADER
fixed length control field 00867cam a2200205 4500
001 - CONTROL NUMBER
control field ABS62778
008 - FIXED-LENGTH DATA ELEMENTS--GENERAL INFORMATION
fixed length control field 000000n2000 000 0 eng u
035 ## - SYSTEM CONTROL NUMBER
System control number (Sirsi) u108015
100 ## - MAIN ENTRY--PERSONAL NAME
Personal name Fordham, R.
245 ## - TITLE STATEMENT
Title Guiding councils on assessing affordable housing need
260 ## - PUBLICATION, DISTRIBUTION, ETC.
Date of publication, distribution, etc. 2000
490 ## - SERIES STATEMENT
Series statement Planning (for the Natural and Built Environment)
Volume/sequential designation (1382) 18 August 2000, 10-11(2)
520 ## - SUMMARY, ETC.
Summary, etc. Assesses a DETR good practice guide on affordable housing. Concludes that the guide will make it much easier for councils to deal with affordable housing issues at planning inquiries and that it will help standardise the approach in assessing housing needs. Tables.
590 ## - LOCAL NOTE (RLIN)
Local note ABS
650 ## - SUBJECT ADDED ENTRY--TOPICAL TERM
Topical term or geographic name entry element PLANNING POLICY
650 ## - SUBJECT ADDED ENTRY--TOPICAL TERM
Topical term or geographic name entry element SOCIAL HOUSING
650 ## - SUBJECT ADDED ENTRY--TOPICAL TERM
Topical term or geographic name entry element HOUSING NEEDS
690 ## - LOCAL SUBJECT ADDED ENTRY--TOPICAL TERM (OCLC, RLIN)
Topical term or geographic name as entry element ENVIRONMENTAL AND LAND CONSULTANCY-PLANNING AND DEVELOPMENT
942 ## - ADDED ENTRY ELEMENTS (KOHA)
Suppress in OPAC 0
Holdings
Withdrawn status Lost status Source of classification or shelving scheme Damaged status Not for loan Home library Current library Shelving location Date acquired Total Checkouts Full call number Barcode Date last seen Copy number Price effective from Koha item type
    Dewey Decimal Classification     London London Journal article 29/08/2000   ABS62778 108015-1001 06/08/2019 1 06/08/2019 Journal article